|
|
|
|
| LEADER |
01583nam a2200349 a 4500 |
| 001 |
21231 |
| 003 |
BD-DhAAL |
| 005 |
20211108130124.0 |
| 008 |
101004r20091998maua 001 0 eng d |
| 999 |
|
|
|c 9647
|d 9647
|
| 010 |
|
|
|a 97002147
|
| 020 |
|
|
|a 0201896842 (v. 2 : acid-free paper)
|
| 020 |
|
|
|a 9788177583359
|
| 020 |
|
|
|a 9780201896848
|
| 040 |
|
|
|a DLC
|c DLC
|d DLC
|d BD-DhAAL
|
| 082 |
0 |
0 |
|a 005.1
|2 21
|
| 100 |
1 |
|
|a Knuth, Donald Ervin,
|d 1938-
|9 40646
|
| 245 |
1 |
4 |
|a The art of computer programming,
|n Volume 2 : Seminumerical algorithms /
|c Donald E. Knuth
|
| 250 |
|
|
|a Third edition
|
| 260 |
|
|
|a Reading, Mass. :
|b Addison-Wesley ;
|a New Delhi :
|b Pearson Education,
|c c1998.[Reprinted 2009]
|
| 300 |
|
|
|a xii,764 pages :
|b illustrations ;
|c 24 cm.
|
| 362 |
0 |
|
|a Volume 2
|
| 500 |
|
|
|a Includes indexes.
|
| 505 |
1 |
|
|a v. 1. Fundamental algorithms -- v. 2. Seminumerical algorithms -- v. 3. Sorting and searching.
|
| 541 |
1 |
|
|a Book finder international
|e 00021232, 37359
|
| 650 |
|
0 |
|a Computer programming.
|9 40647
|
| 650 |
|
0 |
|a Computer algorithms.
|9 40648
|
| 650 |
|
0 |
|a Computer science.
|9 42354
|
| 852 |
4 |
|
|a Ayesha Abed Library
|j General stacks
|
| 942 |
|
|
|2 ddc
|c BK
|
| 952 |
|
|
|0 0
|1 0
|2 ddc
|4 0
|6 005_100000000000000_KNU_2009
|7 0
|9 12262
|a BRACUL
|b BRACUL
|c GEN
|d 2010-10-05
|g 656.25
|l 0
|o 005.1 KNU
|p 3010021231
|r 2010-10-05
|t 1
|w 2010-10-05
|y BK
|
| 952 |
|
|
|0 0
|1 0
|2 ddc
|4 0
|6 005_100000000000000_KNU
|7 0
|9 68199
|a BRACUL
|b BRACUL
|c GEN
|d 2020-03-16
|e Book Finder International
|g 4860.25
|l 2
|m 60
|o 005.1 KNU
|p 3010037359
|r 2025-03-23
|s 2024-06-08
|t 2
|v 4860.25
|w 2020-03-16
|y BK
|x Received during Covid situation
|